000 00991nam a2200289 i 4500
001 169290
003 ES-MaACL
005 20240503110559.0
008 080828s2007 sp a |||| | spa d
020 _a978-84-7517-891-2
080 _a821.134.2-14"19"(082.2)
245 0 0 _aEn voz alta
_b: las poetas de las generaciones de los 50 y los 70 : antología /
_cSharon Keefe Ugalde.
246 3 _aLas poetas de las generaciones de los 50 y los 70
_b: antología
250 _a1ª ed.
260 _aMadrid :
_bHiperión,
_c2007.
300 _a779 p. :
_bil. ;
_c20 cm.
490 1 _aPoesía Hiperión ;
_v537
500 _aRetratos fot. de las poetas.
504 _aBibliografía.
650 4 _aPoesías españolas-
_xAutoras.
_9170473
650 4 _aPoesías españolas-
_yS.XX.
_916221
700 _aUgalde, Sharon Keefe,
_d1944-
_9236165
830 0 _aPoesía Hiperión ;
_v537
_9177326
852 _aES-MaACL
_jL-29653
942 _2udc
999 _c169290
_d169290